000 00991nam a22003017a 4500
001 BR7601756
003 BR-BrBNA
005 20230928084933.0
007 ta
008 230509b bl.||||| |||| 00| 0 por d
040 _aBR-BrBNA
_bpor
_cBiblioteca Nacional de Agricultura
041 _a(Por)
072 _aL30; L10
_b6100
090 _ 6100 BR7601756
100 1 _aSantos, M.W. dos
110 1 _aUniversidade Federal de Minas Gerais, Belo Horizonte (Brasil). Escola de Veterinaria
_0Tese (Mestrado)
245 1 _aInteracao genetica x nutricao em poedeiras comerciais: efeitos de niveis de calcio
260 3 _aBelo Horizonte, MG (Brasil):
_c1976.
300 _a174 p.
500 _a27 illus.; 53 tables; Bibliography p. 160-174 (80 ref.); Summary (Por)
650 _aNutricao animal
650 _aMelhoramento genetico animal
650 _aGalinha para postura
650 _aPoedeira comercial
650 _aCalcio
909 _a202309
_bLucia
_c55
_dLucia Elande
942 _cBK
999 _c21979
_d21979